| 000 | 00658cam a22002291 4500 | ||
|---|---|---|---|
| 001 | 9342783 | ||
| 003 | ARRUPE | ||
| 005 | 20151007121207.0 | ||
| 008 | 720515s1957 miua 000 0 eng | ||
| 010 | _a 57013300 | ||
| 035 | _a(OCoLC)307995 | ||
| 040 |
_aDLC _cODaWU _dOCoLC _dDLC |
||
| 050 | 0 | 0 |
_aPA2080 _b.S35 |
| 082 | _a475 | ||
| 100 | 1 |
_aSweet, Waldo E. _920144 |
|
| 245 | 1 | 0 | _aLatin, a structural approach. |
| 260 |
_aAnn Arbor, _bUniversity of Michigan Press _c1957 |
||
| 300 |
_ax, 520p.; _billus. _c24 cm. |
||
| 650 | 0 |
_aLatin language _xGrammar. _y1870 _920145 |
|
| 906 |
_a7 _bcbc _coclcrpl _du _encip _f19 _gy-gencatlg |
||
| 942 |
_2lcc _cMONOGRAPH |
||
| 999 |
_c123476 _d123476 |
||